[Event "45th Olympiad 2024"]
[Site "Budapest HUN"]
[Date "2024.09.21"]
[Round "10.38"]
[Board "1"]
[White "Bagheri, Amir"]
[Black "Meier, Georg"]
[Result "0-1"]
[WhiteElo "2372"]
[BlackElo "2591"]
[PlyCount "64"]
[EventDate "2024.09.11"]
[WhiteTeam "Monaco"]
[BlackTeam "Uruguay"]
[WhiteTeamCountry "MNC"]
[BlackTeamCountry "URU"]

1. d4 Nf6 2. Nf3 d5 3. Bf4 c5 4. c3 Nc6 5. dxc5 e6 6. b4 a5 7. b5 ({RR} 7. Nd4 axb4 8. Nxc6 bxc6 9. cxb4 Ng4 10. Bg3 Qf6 11. Nd2 h5 12. h4 Ra3 13. e3 Nxe3 14. fxe3 Rxe3+ 15. Be2 Ba6 16. Rb1 Rxe2+ 17. Qxe2 Bxe2 18. Kxe2 Be7 19. a4 O-O 20. Rhc1 Qg6 21. Kf2 f5 {0-1 Bagheri,A (2490)-Stevic,H (2588) Olympiad-38 Dresden 2008 (10)}) 7... Ne7 8. e3 ({RR} 8. Be5 Nf5 9. Bd4 Bd7 10. Ne5 Ne4 11. e3 f6 12. Qh5+ g6 13. Nxg6 hxg6 14. Qxh8 e5 15. Bxe5 fxe5 16. Qxe5+ Qe7 17. Qxe7+ Bxe7 18. a4 Rc8 19. Bd3 Rxc5 20. Bxe4 dxe4 21. Ke2 Nh4 22. Nd2 Bf5 {1-0 Rosc,I (1806)-Chmiel,P (1689) TCh-POL 2nd League 2024 (2.41)}) 8... Ng6 9. Bd6 $146 ({RR} 9. c6 bxc6 10. bxc6 Nxf4 11. exf4 Qb6 12. Qb3 Rb8 13. Nbd2 Bd6 14. Qxb6 Rxb6 15. g3 O-O 16. Nd4 e5 17. Nb5 Bc5 18. Nb3 Rxc6 19. Nxc5 Rxc5 20. fxe5 Ng4 21. f4 f6 22. exf6 Re8+ 23. Kd2 Nxf6 {1-0 Georgiev,K (2644)-Goloshchapov,A (2586) Wch Rapid Dubai 2014 (14)}) 9... Bxd6 10. cxd6 Qxd6 11. Nbd2 e5 12. Be2 O-O 13. O-O Bf5 14. Qa4 Nd7 15. c4 Nb6 16. Qd1 Rfc8 17. Rc1 Qb4 18. cxd5 Nxd5 19. e4 Rxc1 20. Qxc1 Ndf4 21. Bc4 Be6 22. a3 Qa4 23. g3 Nh3+ 24. Kg2 Rc8 25. Bb3 Qxb5 26. Qb1 Bxb3 27. Qxb3 Qd7 28. Rb1 h6 29. Qxb7 Ngf4+ 30. gxf4 Nxf4+ 31. Kh1 Rc1+ 32. Ng1 Qh3 0-1

[Event "45th Olympiad 2024"]
[Site "Budapest HUN"]
[Date "2024.09.21"]
[Round "10.38"]
[Board "2"]
[White "Rodriguez Vila, Andres"]
[Black "Efimov, Igor"]
[Result "1/2-1/2"]
[WhiteElo "2417"]
[BlackElo "2338"]
[PlyCount "139"]
[EventDate "2024.09.11"]
[WhiteTeam "Uruguay"]
[BlackTeam "Monaco"]
[WhiteTeamCountry "URU"]
[BlackTeamCountry "MNC"]

1. e4 c5 2. Nf3 Nc6 3. d4 cxd4 4. c3 dxc3 5. Nxc3 e6 6. Bc4 a6 7. O-O Bc5 8. Bf4 Nge7 9. Rc1 Ng6 10. Bg3 b5 11. Bxb5 $146 ({RR} 11. Bb3 Be7 12. Nd5 exd5 13. exd5 Na5 14. d6 Bf6 15. Re1+ Kf8 16. Bxf7 Kxf7 17. Qd5+ Kf8 18. Qxa8 Bb7 19. Qa7 Qa8 20. Qxa8+ Bxa8 21. h4 h5 22. b3 Kf7 23. Rc7 Bc6 24. Rd1 Nb7 25. Nd4 Bxd4 {1-0 Meduri,A (1939)-Alvarez Fernandez,E (2346) Titled Tuesday intern op 10th Aug blitz 2021 (6)}) 11... axb5 12. Nxb5 Bb6 13. Nd6+ Kf8 14. b4 Kg8 15. b5 Na5 16. h4 Nb7 17. Rxc8 Rxc8 18. Nxb7 Qe7 19. h5 Nf8 20. Nd6 Rc5 21. Ne5 Rc3 22. Kh2 f6 23. Nec4 Bc5 24. Qd2 Bb4 25. Qd4 e5 26. Qd5+ Ne6 27. b6 h6 28. Nb5 Rc2 29. a3 Bc5 30. b7 Kh7 31. a4 Qf7 32. Kg1 Rb8 33. a5 Qxh5 34. a6 Qg4 35. Qd3 Rxc4 36. Qxc4 Qxg3 37. Qxc5 Nxc5 38. a7 Qb3 39. axb8=Q Qxb5 40. Rc1 Qxb7 41. Qxb7 Nxb7 42. Rc7 Nd8 43. Rxd7 Ne6 44. f3 h5 45. Kf2 h4 46. g3 hxg3+ 47. Kxg3 Kg6 48. Kg4 Nf4 49. Rd1 Ne6 50. Rg1 Nf4 51. Kh4+ Kh6 52. Rg4 Ng6+ 53. Kg3 Nf4 54. Kf2 g6 55. Ke3 Kg7 56. Rg1 Kf7 57. Ra1 Kg7 58. Kd2 Kh6 59. Rg1 Kg7 60. Kc2 Kh6 61. Kb3 Ne2 62. Rh1+ Kg5 63. Kc4 Kf4 64. Rh6 Kxf3 65. Rxg6 Kxe4 66. Rxf6 Nd4 67. Rf8 Ne6 68. Rf1 Nf4 69. Re1+ Kf5 70. Rxe5+ 1/2-1/2

[Event "45th Olympiad 2024"]
[Site "Budapest HUN"]
[Date "2024.09.21"]
[Round "10.38"]
[Board "3"]
[White "Levacic, Damir"]
[Black "Roselli Mailhe, Bernardo"]
[Result "0-1"]
[WhiteElo "2097"]
[BlackElo "2362"]
[PlyCount "122"]
[EventDate "2024.09.11"]
[WhiteTeam "Monaco"]
[BlackTeam "Uruguay"]
[WhiteTeamCountry "MNC"]
[BlackTeamCountry "URU"]

1. d4 Nf6 2. c4 e6 3. Nc3 Bb4 4. e3 O-O 5. Bd3 d5 6. a3 Be7 7. Nge2 b6 8. cxd5 exd5 9. Ng3 Re8 10. O-O Bb7 11. b4 c6 $146 ({RR} 11... Nbd7 12. Rb1 a6 13. Bd2 g6 14. Qc2 Rb8 15. Na4 Ne4 16. Nxe4 dxe4 17. Bxe4 Bxe4 18. Qxe4 b5 19. Nc3 Bxb4 20. Qd3 Bf8 21. a4 c6 22. Rfd1 Ne5 23. Qe2 Nc4 24. Be1 Na3 25. Rbc1 b4 26. Nb1 {1-0 Drozdowski,K (2481)-Lapcevic,M (2368) Texas Univ-Belgrad Univ 10th 2015 (1.7)}) 12. Rb1 Nbd7 13. f3 Nf8 14. Nf5 Ne6 15. Nxe7+ Rxe7 16. Ne2 a5 17. Kh1 axb4 18. axb4 Nc7 19. Qc2 Qe8 20. Ng3 Ba6 21. Bxa6 Rxa6 22. Bd2 Nb5 23. Rbc1 Rc7 24. Ra1 Qa8 25. Rxa6 Qxa6 26. Qd3 Rd7 27. Rc1 Qa8 28. Qc2 Rc7 29. Be1 Qa3 30. Nf5 g6 31. Bh4 Ne8 32. Ne7+ Kg7 33. Nxc6 Na7 34. b5 Nxb5 35. Bd8 Rc8 36. Bxb6 Qxe3 37. Bc5 Rxc6 38. Bf8+ Kxf8 39. Qxc6 Nbd6 40. Rd1 Qe6 41. Qc3 Nf6 42. Re1 Qd7 43. g4 Kg7 44. Qe3 h6 45. h3 Qa7 46. Rd1 Qa4 47. Qd3 Nb5 48. Rd2 Nc7 49. Qe3 Ne6 50. h4 g5 51. hxg5 hxg5 52. Kh2 Qb4 53. Kg3 Qb1 54. Rh2 Nf4 55. Rd2 Qc1 56. Kf2 Nd7 57. Kg3 Kg6 58. Kf2 Qh1 59. Qc3 Qg2+ 60. Ke3 Qg1+ 61. Rf2 Nh3 0-1

[Event "45th Olympiad 2024"]
[Site "Budapest HUN"]
[Date "2024.09.21"]
[Round "10.38"]
[Board "4"]
[White "Coppola, Claudio"]
[Black "Meylan, Andre"]
[Result "1-0"]
[WhiteElo "2286"]
[BlackElo "2165"]
[PlyCount "147"]
[EventDate "2024.09.11"]
[WhiteTeam "Uruguay"]
[BlackTeam "Monaco"]
[WhiteTeamCountry "URU"]
[BlackTeamCountry "MNC"]

1. d4 e6 2. c4 Nf6 3. g3 d5 4. Bg2 Be7 5. Nf3 O-O 6. O-O dxc4 7. Qc2 a6 8. Qxc4 b5 9. Qc2 Bb7 10. Bd2 Be4 11. Qc1 Bb7 12. Rd1 Nbd7 13. Ba5 Rc8 ({RR} 13... Nb6 14. Nbd2 Rc8 15. b4 Bd5 16. Qc2 Nc4 17. Nxc4 Bxc4 18. Ne5 Bd5 19. e4 Bb7 20. Rac1 Qe8 21. Nc6 Nd7 22. e5 Bxc6 23. Bxc6 f6 24. d5 exd5 25. e6 {1-0 Travesset Sagre,J (2301)-Mena,M (2072) Titled Tue 10th Sep Late 2024 (10)}) 14. Nbd2 Qe8 15. b4 Nb8 16. Ne5 $146 ({RR} 16. a3 Nc6 17. Nb3 Bd6 18. Ne5 Nxd4 19. Nxd4 Bxg2 20. Kxg2 Bxe5 21. Qc5 Bd6 22. Qc6 Qxc6+ 23. Nxc6 e5 24. Rac1 Ne8 25. Rxd6 Nxd6 26. Ne7+ Kh8 27. Nxc8 Rxc8 28. Rc6 Nc4 29. Bxc7 h6 {½-½ Werner,A (2123)-Kloss,T (2090) Oberliga Ost-B 1213 2012 (1.6)}) 16... Bxg2 17. Kxg2 Nd5 18. a3 Bd6 19. Ndf3 f6 20. Nd3 f5 21. Nc5 Nb6 22. Nb3 Nd5 23. Qc2 Rf6 24. Qd2 Qh5 25. Ne5 f4 26. g4 Qh4 27. Nf3 Qxg4+ 28. Kh1 Qh5 29. Rg1 Rg6 30. Qc2 Nf6 31. Rxg6 hxg6 32. Rg1 Ng4 33. Rg2 Kf7 34. Nbd2 Qf5 35. Ne4 Be7 36. Rxg4 Nd7 37. Qc6 Nf6 38. Nxf6 gxf6 39. Rg1 g5 40. Qxa6 Rh8 41. Qb7 g4 42. Bxc7 gxf3 43. Qxf3 Rh3 44. Qg2 Qh7 45. d5 Rh5 46. dxe6+ Kxe6 47. Bxf4 Kf7 48. Qf3 Qf5 49. Qg2 Qh7 50. f3 Rh4 51. e3 Kf8 52. Rc1 Qf5 53. Qa2 Rh8 54. Rg1 Qh3 55. Qd5 Ke8 56. Qxb5+ Kf8 57. Qd5 Ke8 58. Qe4 Kf8 59. Bg3 Rg8 60. a4 Qd7 61. b5 Bc5 62. Rc1 Qd2 63. Rxc5 Qd1+ 64. Kg2 Qe2+ 65. Kh3 Rh8+ 66. Kg4 Rg8+ 67. Kf4 Qa2 68. Qc4 Qb2 69. Rc8+ Ke7 70. Rxg8 Qe5+ 71. Kg4 f5+ 72. Kh3 f4 73. Bh4+ Kd7 74. Rd8# 1-0

[Event "45th Olympiad 2024"]
[Site "Budapest HUN"]
[Date "2024.09.21"]
[Round "10.39"]
[Board "1"]
[White "Khusenkhojaev, Mustafokhuja"]
[Black "Kulaots, Kaido"]
[Result "1/2-1/2"]
[WhiteElo "2283"]
[BlackElo "2506"]
[PlyCount "69"]
[EventDate "2024.09.11"]
[WhiteTeam "Tajikistan"]
[BlackTeam "Estonia"]
[WhiteTeamCountry "TJK"]
[BlackTeamCountry "EST"]

1. d4 {Krasenkow,Michal} Nf6 2. c4 g6 3. Nc3 d5 4. cxd5 Nxd5 5. e4 Nxc3 6. bxc3 Bg7 7. Nf3 c5 8. Rb1 O-O 9. Be2 cxd4 10. cxd4 Qa5+ 11. Bd2 Qxa2 12. O-O Bg4 13. Rxb7 Bxf3 14. Bxf3 Bxd4 15. Bb4 Rd8 16. Qc1 Na6 17. Bxe7 Rac8 18. Qf4 ({RR} 18. Qg5 Nc5 19. Bxc5 Bxc5 20. Bg4 Rd2 21. Rxf7 Kxf7 22. Bxc8 Bxf2+ 23. Kh1 Qc4 24. Qf4+ Kg7 25. Qe5+ Kh6 26. Qf4+ Kg7 27. Qe5+ Kh6 28. Qf4+) 18... Nc5 19. Bxd8 ({RR} 19. Bxc5 Rxc5 ({RR} 19... Bxc5 20. Bg4 Rc6 21. e5 Rd2 22. Qh6 Rd8 23. Qf4 Rd2 24. Qh6) 20. Bd1 Be5 21. Qh4 ({RR} 21. Qe3 Qa5 22. Bb3 Rc7) 21... Rf8 22. Bb3 Qa5 23. Qe7 Rc7 24. Rxc7 Qxc7 25. Qxc7 Bxc7) 19... Nxb7 20. Bf6 Bxf6 21. Qxf6 Nc5 ({RR} 21... Qe6 22. Qd4 Qb6 23. Qxb6 axb6 24. Rb1 Nc5 25. h4 Re8 26. Rxb6 Nxe4) 22. h4 Qe6 23. Qxe6 ({RR} 23. Qa1 Nxe4 24. Re1 f5 25. Bxe4 fxe4 26. Qxa7 Re8 27. Qa4 Re7 28. Re3 Qd5 29. Qc2 Kf7 30. Qe2 Re6 31. Ra3 Re7 32. Qg4 Qf5 33. Qd1 Qe5 34. Qd8 Qc5 35. Re3 Qc1+ 36. Kh2 Qc7+ 37. Qxc7 Rxc7 {½-½ Aronian,L (2815)-Svidler,P (2753) Norway Chess 2nd 2014 (4)}) 23... Nxe6 ({RR} 23... fxe6 24. Ra1 Rc7 25. Ra5 e5) 24. Ra1 Rc7 $146 ({RR} 24... Nc5 25. Rxa7 Re8 26. g3 Nxe4 27. Bxe4 Rxe4 28. Kg2 h5 29. Ra5 Kg7 30. Kf3 Rb4 31. Kg2 {½-½ Hu,Y (2065)-Yuan,Y (2194) TCh-CHN DivA Regular 2023 (9.5)}) ({RR} 24... Nc5 25. Rxa7 Re8 {½-½ Lenic,L (2644)-Sedlak,N (2572) CRO-chT1B 28th 2019 (5.11)}) 25. Kh2 Kg7 26. Kg3 Kf6 27. Bg4 Nc5 28. Kf4 Re7 29. f3 h5 30. Bh3 Rc7 31. Ra3 Rb7 32. Bc8 Rc7 33. Bh3 Rb7 34. Bc8 Rc7 35. Bh3 1/2-1/2

[Event "45th Olympiad 2024"]
[Site "Budapest HUN"]
[Date "2024.09.21"]
[Round "10.39"]
[Board "2"]
[White "Volodin, Aleksandr"]
[Black "Karimov, Alisher"]
[Result "1-0"]
[WhiteElo "2457"]
[BlackElo "2240"]
[PlyCount "81"]
[EventDate "2024.09.11"]
[WhiteTeam "Estonia"]
[BlackTeam "Tajikistan"]
[WhiteTeamCountry "EST"]
[BlackTeamCountry "TJK"]

1. d4 Nf6 2. c4 e6 3. Nf3 b6 4. g3 Ba6 5. b3 b5 6. cxb5 Bxb5 7. Bg2 d5 8. Qc2 ({RR} 8. O-O Bd6 9. Nc3 Ba6 10. Re1 O-O 11. Qc2 Nbd7 12. e4 dxe4 13. Nxe4 Bb7 14. Nfg5 Rb8 15. d5 exd5 16. Nxf6+ Nxf6 17. Bb2 Ne4 18. Nxe4 dxe4 19. Bxe4 Bxe4 20. Rxe4 Qd7 21. Rae1 Rfe8 22. Qc3 Bf8 {½-½ Mamedyarov,S (2757)-Anand,V (2786) Dortmund SuperGM 35th 2007 (5)}) ({RR} 8. O-O Be7 9. Nc3 Ba6 10. Bf4 O-O 11. Ne5 c5 12. Re1 Qa5 13. Bd2 Qc7 14. Rc1 Nbd7 15. Bf4 Bd6 16. Na4 Nxe5 17. dxe5 Bxe5 18. Rxc5 Qd6 19. Bxe5 Qxe5 20. e4 Rad8 {½-½ Jakupec,D (2053)-Amon,N (2281) Hum na Sutli op 12th 2018 (2)}) 8... Nbd7 $146 ({RR} 8... Bd6 9. h3 O-O 10. O-O Nbd7 11. Nc3 Ba6 12. Na4 Qe7 13. Be3 Ne4 14. Rfd1 Rac8 15. Ne5 Nxe5 16. dxe5 Bxe5 17. Rac1 f5 18. Bxa7 Bb5 19. Nc5 Bd6 20. e3 Ra8 21. Nxe4 fxe4 22. Bc5 Bd3 23. Bxd6 {0-1 Lonborg,M (2185)-Hjelm,N (2331) Politiken Cup 25th 2003 (6)}) 9. Ba3 Bd6 10. O-O O-O 11. Bc5 Ne4 12. a4 Ba6 13. b4 Bxc5 14. dxc5 Qf6 15. Ra3 c6 16. Nbd2 Nxd2 17. Qxd2 Bc4 18. Nd4 a5 19. Nxc6 axb4 20. Qxb4 Bxe2 21. Rc1 Bc4 22. h4 Rac8 23. Rf3 Qh6 24. Ne7+ Kh8 25. Rfc3 Rxc5 26. Qb7 Ne5 27. f4 d4 28. Qb4 dxc3 29. Qxc5 Nd3 30. Ng6+ hxg6 31. Qxf8+ Kh7 32. Rxc3 Qh5 33. Rxc4 Qd1+ 34. Kh2 Nf2 35. f5 gxf5 36. Qxf7 Ng4+ 37. Rxg4 Qxg4 38. Qxe6 Qxa4 39. Qxf5+ g6 40. Qf7+ Kh6 41. Qf4+ 1-0

[Event "45th Olympiad 2024"]
[Site "Budapest HUN"]
[Date "2024.09.21"]
[Round "10.39"]
[Board "3"]
[White "Ilkhomi, Jaloliddin"]
[Black "Seeman, Tarvo"]
[Result "1/2-1/2"]
[WhiteElo "2227"]
[BlackElo "2375"]
[PlyCount "84"]
[EventDate "2024.09.11"]
[WhiteTeam "Tajikistan"]
[BlackTeam "Estonia"]
[WhiteTeamCountry "TJK"]
[BlackTeamCountry "EST"]

1. Nf3 g6 2. d4 Bg7 3. c4 d6 4. Nc3 Nf6 5. e4 O-O 6. Be2 Na6 7. O-O e5 8. Re1 Bg4 9. Bg5 ({RR} 9. Be3 Bxf3 10. Bxf3 exd4 11. Bxd4 Re8 12. Qd2 Nc5 13. Rad1 Ne6 14. Be3 h5 15. e5 dxe5 16. Bxb7 Rb8 17. Bc6 Qxd2 18. Rxd2 Red8 19. Red1 Nd4 20. Bxd4 exd4 21. Ne4 Nxe4 22. Bxe4 c5 23. b3 a5 {0-1 Van Wely,L (2615)-Mamedov,R (2654) Chess24 Banter Blitz Cup Qual-C 2020 (1.2)}) 9... h6 10. Be3 $146 ({RR} 10. Bh4 Bxf3 11. Bxf3 exd4 12. Qxd4 g5 13. Bg3 Nh5 14. Qd2 Nxg3 15. hxg3 Nc5 16. Bg4 c6 17. Rad1 Qb6 18. Kh2 Rad8 19. f4 gxf4 20. gxf4 Qb4 21. e5 dxe5 22. Qxd8 Rxd8 23. Rxd8+ Bf8 24. Rxe5 Qxb2 {1-0 Sroczynski,M (2271)-Weetik,V (2423) Titled Tue 8th Aug Late 2023 (6)}) 10... c6 11. d5 c5 12. h3 Bd7 13. a3 Qe7 14. Rb1 b6 15. b4 Rfc8 16. Qd2 Kh7 17. Nh2 Re8 18. bxc5 Nxc5 19. Bxc5 bxc5 20. Rb7 h5 21. Reb1 Bh6 22. Qd3 Qf8 23. R1b3 Reb8 24. Nf3 Kg7 25. Qb1 Rxb7 26. Rxb7 Qd8 27. Nb5 Bxb5 28. Rxb5 Nd7 29. Bd1 Rb8 30. Rxb8 Qxb8 31. Qxb8 Nxb8 32. Ne1 Bc1 33. a4 Na6 34. Nd3 Bd2 35. Kf1 Nb4 36. Nxb4 Bxb4 37. Ke2 Kf6 38. Kf3 Kg5 39. Bc2 Ba5 40. Bd3 Bb4 41. Bc2 Ba5 42. Bd3 Bb4 1/2-1/2

[Event "45th Olympiad 2024"]
[Site "Budapest HUN"]
[Date "2024.09.21"]
[Round "10.39"]
[Board "4"]
[White "Kanep, Meelis"]
[Black "Kabilov, Amin"]
[Result "1-0"]
[WhiteElo "2367"]
[BlackElo "2212"]
[PlyCount "85"]
[EventDate "2024.09.11"]
[WhiteTeam "Estonia"]
[BlackTeam "Tajikistan"]
[WhiteTeamCountry "EST"]
[BlackTeamCountry "TJK"]

1. d4 Nf6 2. c4 g6 3. Nc3 Bg7 4. e4 d6 5. f3 O-O 6. Nge2 c5 7. Be3 Nc6 8. Qd2 Qa5 9. O-O-O ({RR} 9. Rc1 a6 10. b3 b5 11. dxc5 dxc5 12. Nd5 b4 13. e5 Nd7 14. Bg5 Ndxe5 15. Bxe7 Nxe7 16. Nxe7+ Kh8 17. f4 Ng4 18. h3 Nf6 19. Nxc8 Raxc8 20. g3 Ne4 21. Qd3 {0-1 Iturrizaga Bonelli,E (2627)-Dominguez Perez,L (2725) Olympiad-40 Istanbul 2012 (5.1)}) 9... h5 ({RR} 9... a6 10. Kb1 b5 11. dxc5 dxc5 12. Nd5 b4 13. g4 Nxd5 14. exd5 Ne5 15. Ng1 f5 16. g5 f4 17. Bxf4 Bf5+ 18. Ka1 Qa3 19. Bxe5 Bxe5 20. Bh3 b3 {0-1 Blokhin,S (1964)-Smirnov,A (2136) Titled Tue 23rd Jan Early 2024 (1)}) 10. Kb1 cxd4 $146 ({RR} 10... a6 11. dxc5 dxc5 12. Nd5 Qxd2 13. Rxd2 Nd7 14. Bg5 e6 15. Ne7+ Nxe7 16. Bxe7 Re8 17. Bg5 Ne5 18. Nc3 Nc6 19. Na4 Bd4 20. Nb6 Rb8 21. Bf4 e5 22. Bg5 Be6 23. Nd5 Bxd5 24. exd5 Nd8 25. Bd3 {1-0 Ferreira,A (1614)-Montiel Caceres,H (1617) Pan American-ch U1700 2021 (9)}) 11. Nxd4 Bd7 12. Nb3 Qd8 13. c5 Be6 14. cxd6 exd6 15. Qxd6 Nd5 16. Rxd5 Qc8 17. Rd2 Rd8 18. Qc5 Rxd2 19. Bxd2 b6 20. Qe3 a5 21. Bb5 Nb4 22. Rc1 Qd8 23. Nd5 Nxd5 24. exd5 Bf5+ 25. Ka1 a4 26. Bc6 Ra7 27. Nd4 Re7 28. Qf2 a3 29. Bc3 axb2+ 30. Bxb2 Bd3 31. Qd2 Ba6 32. Re1 Bc4 33. Rxe7 Qxe7 34. Nb3 Bxb3 35. d6 Qe5 36. axb3 Qc5 37. d7 Qa3+ 38. Kb1 Qxb3 39. d8=Q+ Kh7 40. Bd5 Qb5 41. Bxf7 Qf5+ 42. Q2d3 Qxf7 43. Q8d7 1-0

[Event "45th Olympiad 2024"]
[Site "Budapest HUN"]
[Date "2024.09.21"]
[Round "10.40"]
[Board "1"]
[White "Henderson de La Fuente, Lance"]
[Black "Susilodinata, Andrean"]
[Result "1-0"]
[WhiteElo "2519"]
[BlackElo "2393"]
[PlyCount "99"]
[EventDate "2024.09.11"]
[WhiteTeam "Andorra"]
[BlackTeam "Indonesia"]
[WhiteTeamCountry "AND"]
[BlackTeamCountry "INA"]

1. d4 d5 2. Nf3 Nf6 3. c4 e6 4. g3 Bb4+ 5. Nbd2 O-O 6. Bg2 b6 7. O-O Bb7 8. cxd5 ({RR} 8. b3 c5 9. Bb2 Nbd7 10. a3 Bxd2 11. Nxd2 cxd4 12. Bxd4 Rc8 13. b4 Qe7 14. Rc1 Rfd8 15. Qb3 dxc4 16. Nxc4 Bxg2 17. Kxg2 e5 18. Bb2 Qe6 19. Rfd1 Nf8 20. Rxd8 Rxd8 21. Qf3 Rc8 22. Ne3 Rxc1 {0-1 Ding,L (2777)-Carlsen,M (2837) Wch Blitz Riadh 2017 (18)}) 8... Bxd5 9. a3 Be7 ({RR} 9... Bxd2 10. Bxd2 c5 11. Bg5 Nbd7 12. dxc5 bxc5 13. Qc2 Qb6 14. Bxf6 Nxf6 15. Ne5 Rab8 16. e4 Ba8 17. Nc4 Qc7 18. e5 Bxg2 19. Kxg2 Nd5 20. Rac1 Rfd8 21. Rfd1 h6 22. Kg1 Rd7 23. Nd6 Qb6 24. Qxc5 {1-0 Hernando Rodrigo,J (2233)-Kleiman,J (2399) Titled Tue 11th Jun Late 2024 (8)}) 10. Qc2 a5 $146 ({RR} 10... c5 11. e4 Bb7 12. e5 Nfd7 13. Ng5 Bxg5 {1-0 Shtern,I (2440)-Muecke,M (1955) Southwest op 62nd 1996 (5)}) ({RR} 10... c5 11. e4 Bb7 12. dxc5 Bxc5 13. b4 Be7 14. e5 Nd5 15. Bb2 a5 16. bxa5 Rxa5 17. Nb3 Ra7 18. Nfd4 Qd7 19. Rfd1 Na6 20. Qd2 Nc5 21. Nxc5 Bxc5 22. Nb3 Be7 23. Nd4 Rfa8 24. Nc2 Bc6 25. Ne3 {½-½ Song,J (2417)-Rodon,G (2039) Avoine op 29th 2014 (1)}) ({RR} 10... c5 11. e4 Bb7 12. dxc5 Bxc5 13. b4 Be7 14. Bb2 h6 15. Bxf6 Bxf6 16. e5 {1-0 Luechtemeier,P (2243)-Schuetzhold,F (2065) Leipzig VfB op 10th 2003 (8)}) 11. e4 Bb7 12. e5 Nd5 13. Qe4 c5 14. Qg4 g6 15. dxc5 h5 16. Qa4 Nd7 17. Ne4 Nxc5 18. Nxc5 Bxc5 19. Bh6 Re8 20. Rac1 Rc8 21. Bg5 Be7 22. h4 Rxc1 23. Rxc1 Qa8 24. Bxe7 Rxe7 25. Ng5 Qb8 26. Qd4 Rc7 27. Rxc7 Qxc7 28. Ne4 Bc6 29. Nd6 f5 30. Qc4 Qd7 31. Qa6 Qc7 32. Bxd5 Bxd5 33. Qc8+ Qxc8 34. Nxc8 Bb3 35. Nxb6 f4 36. gxf4 Kf7 37. Nd7 Ke7 38. Nc5 Bd5 39. Kf1 Kd8 40. Ke2 Kc7 41. Kd3 Kc6 42. Kd4 Kb5 43. Nd7 Kc6 44. Nf8 Bb3 45. Nxg6 Kd7 46. f5 exf5 47. Nf4 Bd1 48. Kc5 a4 49. e6+ Ke7 50. Kd5 1-0

[Event "45th Olympiad 2024"]
[Site "Budapest HUN"]
[Date "2024.09.21"]
[Round "10.40"]
[Board "2"]
[White "Cahaya, Satria Duta"]
[Black "Fluvia Poyatos, Jordi"]
[Result "1-0"]
[WhiteElo "2219"]
[BlackElo "2438"]
[PlyCount "43"]
[EventDate "2024.09.11"]
[WhiteTeam "Indonesia"]
[BlackTeam "Andorra"]
[WhiteTeamCountry "INA"]
[BlackTeamCountry "AND"]

1. e4 c6 2. d4 d5 3. Nc3 dxe4 4. Nxe4 Nf6 5. Nxf6+ exf6 6. c3 Bd6 7. Bd3 O-O 8. Qc2 Re8+ 9. Ne2 h5 10. O-O h4 11. Bf4 Na6 12. Bxd6 Qxd6 13. h3 Nc7 14. Qd2 Ne6 15. f4 Nc7 16. f5 Nd5 17. c4 $146 ({RR} 17. Nf4 Bd7 18. Nxd5 Qxd5 19. Rf4 c5 20. Raf1 cxd4 21. Rxd4 Qc5 22. Qf2 Bc6 23. Rxh4 Qe5 24. Qf4 Rad8 25. Bc4 b5 26. Bb3 a5 27. a3 a4 28. Ba2 Rd7 29. Kh1 Qxf4 30. Rhxf4 Rd2 31. R1f2 Ree2 {0-1 Juhasz,A (2292)-Antal,G (2558) ch-HUN Rapid 2023 (11.21)}) 17... Qb4 18. Nc3 Nxc3 19. bxc3 Qa5 20. Rf4 c5 21. Rg4 g5 22. fxg6 1-0

[Event "45th Olympiad 2024"]
[Site "Budapest HUN"]
[Date "2024.09.21"]
[Round "10.40"]
[Board "3"]
[White "Ribera Veganzones, Serni"]
[Black "Ulhaq, Zacky Dhia"]
[Result "1-0"]
[WhiteElo "2309"]
[BlackElo "2203"]
[PlyCount "97"]
[EventDate "2024.09.11"]
[WhiteTeam "Andorra"]
[BlackTeam "Indonesia"]
[WhiteTeamCountry "AND"]
[BlackTeamCountry "INA"]

1. e4 e5 2. Nf3 Nc6 3. Bb5 a6 4. Ba4 Nf6 5. O-O Be7 6. Re1 b5 7. Bb3 O-O 8. a4 d5 9. exd5 Na5 10. Ba2 e4 11. Ne5 c5 12. dxc6 ({RR} 12. axb5 axb5 13. d3 Bd6 14. Nc6 Nxc6 15. dxc6 Be6 16. b3 exd3 17. Qxd3 c4 18. Qf3 cxb3 19. cxb3 Qc7 20. Bb2 Bxh2+ 21. Kh1 Bg4 22. Qc3 Rfe8 23. Na3 Bf4 24. Nxb5 Qb6 25. c7 Qxb5 26. Rxe8+ Rxe8 {0-1 Stachanczyk,J (2077)-Wafa,H (2397) Titled Tue 13th Feb Late 2024 (1)}) 12... Qd4 13. Nd7 Bxd7 14. cxd7 Bc5 $146 ({RR} 14... b4 15. c3 Qxd7 16. cxb4 Bxb4 17. Nc3 Rfe8 18. d4 exd3 19. Rxe8+ Rxe8 20. Bg5 Ng4 21. h3 Nxf2 22. Kxf2 Bc5+ 23. Kg3 Bd6+ 24. Kf2 Qf5+ 25. Qf3 Bc5+ 26. Kf1 Qxf3+ 27. gxf3 h6 28. Bd2 Nc6 29. Re1 {0-1 Player,E (2180)-Wafa,H (2178) Titled Tue 29th Aug Late 2023 (1)}) 15. Rf1 b4 16. c3 Qxd7 17. cxb4 Bxb4 18. Nc3 Rfe8 19. f3 exf3 20. Qxf3 Nc6 21. Nd5 Bc5+ 22. Kh1 Ne4 23. Ne3 Ra7 24. d3 Nf6 25. Nf5 Ne5 26. Qg3 Ng6 27. Nh6+ gxh6 28. Rxf6 Qd4 29. Rf1 Bd6 30. Qf3 Qe5 31. g3 Kg7 32. Rb1 Bb4 33. Bc4 a5 34. b3 Bc3 35. Ba3 Qg5 36. Bb2 Bxb2 37. Rxb2 Ne5 38. Qe4 Ree7 39. Rbf2 Ng4 40. Qd4+ f6 41. Rf5 Qg6 42. Qf4 Re5 43. Rxe5 Nxe5 44. d4 Nc6 45. Bd3 Qg5 46. Qe4 Ne7 47. Qxh7+ Kf8 48. Qh8+ Ng8 49. Bc4 1-0

[Event "45th Olympiad 2024"]
[Site "Budapest HUN"]
[Date "2024.09.21"]
[Round "10.40"]
[Board "4"]
[White "Mariano, Fabian Glen"]
[Black "Ribera Veganzones, Josep Maria"]
[Result "1/2-1/2"]
[WhiteElo "2121"]
[BlackElo "2167"]
[PlyCount "112"]
[EventDate "2024.09.11"]
[WhiteTeam "Indonesia"]
[BlackTeam "Andorra"]
[WhiteTeamCountry "INA"]
[BlackTeamCountry "AND"]

1. e4 c5 2. Nf3 d6 3. Bb5+ Nd7 4. c3 a6 5. Ba4 Ngf6 6. Bc2 b5 7. O-O Bb7 8. Qe2 e6 9. d4 Be7 10. e5 $146 ({RR} 10. Nbd2 Qc7 11. e5 Nd5 12. exd6 Bxd6 13. Ne4 Be7 14. Re1 O-O 15. Bg5 N7f6 16. dxc5 h6 17. Bxf6 Nxf6 18. b4 Nd5 19. Rad1 f5 20. Nd6 Bxd6 21. Qxe6+ Qf7 22. Qxd6 Rad8 23. Qg3 Nxc3 24. Bb3 Bd5 {0-1 Adewumi,T (2315)-Portero Rubio,M (2180) Titled Tue 6th Aug Early 2024 (4)}) ({RR} 10. Bg5 O-O 11. Nbd2 cxd4 12. cxd4 Rc8 13. Bb3 e5 14. Rad1 Ng4 15. Be3 Nxe3 16. fxe3 Bf6 17. Rf2 Rc7 18. Qd3 Qa8 19. Bc2 Rfc8 20. Bb1 Rc1 21. Rff1 Rxd1 22. Rxd1 Rc7 23. Nf1 Qc8 24. Qd2 Nb6 {½-½ Yanev,Y (1878)-Martinez Peiro,G (1963) Benidorm op U2000 18th 2019 (9)}) ({RR} 10. Rd1 O-O 11. a4 Qc7 12. Na3 Bc6 13. Bg5 Qb7 14. e5 dxe5 15. dxe5 Bxf3 16. gxf3 Nd5 17. Bxe7 Nxe7 18. axb5 axb5 19. Nxb5 Rxa1 20. Rxa1 Nxe5 21. Be4 Qb6 22. f4 N5g6 23. Bxg6 Nxg6 24. Ra4 h6 {0-1 Kakumanu,K (2306)-Loeffler,M (2310) Titled Tuesday intern op 19th Jan blitz 2021 (2)}) 10... Bxf3 11. gxf3 dxe5 12. dxe5 Nd5 13. f4 g6 14. c4 bxc4 15. Qxc4 O-O 16. Nc3 N7b6 17. Qe2 Qc7 18. Nxd5 Nxd5 19. Be4 Rfd8 20. Bd2 Qb6 21. b3 Rac8 22. Rac1 Qb5 23. Rfe1 Nb4 24. Qxb5 axb5 25. Bxb4 cxb4 26. Rxc8 Rxc8 27. Rd1 Rc7 28. Kg2 Kg7 29. Bd3 Rc5 30. Be4 g5 31. Kf3 h6 32. Bd3 Kf8 33. fxg5 Rxe5 34. gxh6 Rh5 35. h7 f5 36. Re1 Kf7 37. Bxb5 Rxh7 38. Bc4 Rh6 39. Re5 Rf6 40. h4 Bd6 41. Ra5 Kg6 42. Ra6 e5 43. Ke2 Kh5 44. Bd3 e4 45. Bc2 Kg4 46. Rc6 Rh6 47. h5 Kf4 48. Kf1 Ke5 49. Bd1 f4 50. Rc4 f3 51. Bc2 Rxh5 52. Rxe4+ Kd5 53. Kg1 Rg5+ 54. Kf1 Rh5 55. Kg1 Rg5+ 56. Kf1 Rh5 1/2-1/2